Word Ladder: Great Rungs of 'Fire' Quiz Stats

 Plays Quiz Updated Jun 8, 2018

Challenge
Share
Tweet
Embed
Score 0/29 Timer 04:00
0 Plays Today
Clue 5-Letter Word % Correct
The absence of warPEACE
95.7%
🔥 FIRE_____: Location for hanging Christmas stockings 🔥PLACE
95.1%
🔥 FIRE _____: Common firefighting vehicle 🔥TRUCK
94.5%
Opted forCHOSE
93.1%
Land at the edge of waterSHORE
92.8%
🔥 _____-FIRE: Suspension of active hostilities 🔥CEASE
92.4%
Pursue wild geese?CHASE
92%
Burdensome taskCHORE
91.9%
Agreement to stop fightingTRUCE
91.5%
Make an outline of; barely detectable amountTRACE
90.6%
Pod veggies, old-stylePEASE
90.4%
Mall componentSTORE
89.7%
Cheat or deceiveTRICK
85.5%
Premeal recitationGRACE
83.7%
Iced with sugarGLACÉ
82.2%
Clue 5-Letter Word % Correct
🔥 FIRE _____: Block of refractory ceramic material 🔥BRICK
77.8%
Apex of a waveCREST
75.4%
🔥 FIRE_____: Very intense, raging controversy 🔥STORM
72.1%
Plant with pungent leaves used in saladsCRESS
69.9%
Brand of colorful footwearCROCS
67.7%
Ridiculous lie; Earthenware jugCROCK
67.3%
🔥 _____ FIRE: A heated exchange of words 🔥CROSS
66.9%
Ash and Misty's Pokémon travel buddyBROCK
65.1%
Loud noise from a horn; an explosionBLAST
64%
Port city in Brittany, FranceBREST
57.9%
Divinely favored, to ShakespeareBLEST
55.9%
Blow one's own trumpetBOAST
43.7%
🔥 FIRE_____: Panel for covering an open fire 🔥
OR a plank of wood
BOARD
25.3%
Imperfect abrasive diamond fragmentsBOART
21.6%

Today's Daily Dose

You're not logged in!

Compare scores with friends on all Sporcle quizzes.
Join for Free
OR
Log In

You Might Also Like...

Show Comments

Extras

Top Quizzes Today


Score Distribution

Your Account Isn't Verified!

In order to create a playlist on Sporcle, you need to verify the email address you used during registration. Go to your Sporcle Settings to finish the process.

Report this User

Report this user for behavior that violates our Community Guidelines.

Details: